Word Ladder: Star Words Quiz Stats

 Plays Quiz Updated Oct 14, 2016

Challenge
Share
Tweet
Embed
Score 0/30 Timer 03:00
1 Play Today
Hint 4-Letter Word % Correct
1977 cinema sensation: 'Star ___'⭐ WARS ⭐
97.4%
'Truth or ___?'DARE
96.6%
A clenched handFIST
91.8%
Almost nightDUSK
90%
NFL defensive end DeMarcusWARE
89.6%
Top-tier celebrities belong on the A ___LIST
88.7%
Hard or floppy, e.g.DISK
88.4%
Having rapid or accelerated movementFAST
88.4%
A ship's central postMAST
86.6%
Intense carnal desireLUST
86%
Automobile company and inventor of the Model TFORD
85.9%
Digestible materialFOOD
85.5%
The bottom appendage of the bodyFOOT
84.6%
To move something upwardLIFT
84.2%
A plate or a course in a mealDISH
83.5%
Hint 4-Letter Word % Correct
A living space located in the atticLOFT
83.3%
Echinoderm: Star___⭐ FISH ⭐
81.9%
Neil Gaiman novel: 'Star___'⭐ DUST ⭐
81.6%
Having abundance of noiseLOUD
81.3%
The sound a train makesTOOT
80%
'Guardians of the Galaxy' nickname: Star ___⭐ LORD ⭐
79.9%
Milk shake variantMALT
79.3%
Gene Roddenberry's TV show 'Star ___'⭐ TREK ⭐
78.5%
A horse's gaitTROT
77.5%
A drunkard or aggressive individualLOUT
75.8%
'Captain's Log, Star ___'⭐ DATE ⭐
70.7%
An allowance for waste or loss in weightsTRET
61.9%
1994 Kurt Russell movie: 'Star___'⭐ GATE ⭐
54.9%
Peeta Mellark's rival in 'The Hunger Games'GALE
54.8%
Ayn Rand's question: 'Who is John ___'GALT
53.4%

Today's Daily Dose

Missing Word
Orlando Bloom

Quick Pick
November Things

On This Day
November 15th II

You're not logged in!

Compare scores with friends on all Sporcle quizzes.
Join for Free
OR
Log In

You Might Also Like...

Show Comments

Extras

Top Quizzes Today


Score Distribution

Your Account Isn't Verified!

In order to create a playlist on Sporcle, you need to verify the email address you used during registration. Go to your Sporcle Settings to finish the process.

Report this User

Report this user for behavior that violates our Community Guidelines.

Details: